10 najbardziej wysuniętych na południe krajów w Europie - Statystyki

Ogólne statystyki
  • Ten quiz został rozwiązany 232 razy
  • Średni wynik to 8 z 10
Statystyki odpowiedzi
Szerokość geograficzna Kraj % Poprawnych
35°30'N Włochy
99%
34°49'N Grecja
97%
36°00'N Hiszpania
96%
36°57'N Portugalia
93%
40°34'N Albania
88%
41°20'N Francja
83%
41°15'N Bułgaria
82%
35°47'N Malta
82%
40°52'N Macedonia Północna
79%
41°11'N Rosja
26%
Nie znaleziono quizów pasujących do podanych kryteriów
Rozkład punktacji
Procent ludzi z każdym wynikiem
Percentyl według liczby udzielonych odpowiedzi
Twoja historia wyników
Nie rozwiązałeś tego quizu